000 00475nam a2200181Ia 4500
001 7398
005 20260306160452.0
008 260306t1990||||xx |||||||||||||| ||spa||
041 _aESP
082 _aS 338.9
_bT68
100 _aToledo Manrique, Alejandro (ed.)
_eAUT
245 0 _aPerú y América Latina en crisis:
_bcómo financiar el crecimiento
260 _c1990
300 _a653 páginas :
_c23 cm.
650 _aGEN
654 _aCAN
942 _cLIB
_dJUS
_fJUS
_2ddc
_n
999 _c7398
_d7398